| 000 | 00401nam a22001457a 4500 | ||
|---|---|---|---|
| 020 | _a9789332584587 | ||
| 082 |
_a621.317 _bRAS |
||
| 100 |
_aRashid, H. Muhammad _9123604 |
||
| 245 |
_aPower electronics: _bDevices, Circuits and Applications |
||
| 250 | _a4th Edition | ||
| 260 |
_aIndia _bPearson _c2018 |
||
| 300 | _a1024 P | ||
| 650 |
_aDEE. Textbook POWER ELECTRONICS _9123603 |
||
| 942 |
_cTEXT _2ddc |
||
| 999 |
_c576806 _d576806 |
||